al-Shadharāt, (Record no. 49754)
[ view plain ]
| 000 -LEADER | |
|---|---|
| fixed length control field | 00635cam a22002051 4500 |
| 001 - CONTROL NUMBER | |
| control field | ne 67001466 |
| 003 - CONTROL NUMBER IDENTIFIER | |
| control field | DLC |
| 005 - DATE AND TIME OF LATEST TRANSACTION | |
| control field | 20260227111834.0 |
| 008 - FIXED-LENGTH DATA ELEMENTS--GENERAL INFORMATION | |
| fixed length control field | 830921s1966 le 000 0 arar |
| 010 ## - LIBRARY OF CONGRESS CONTROL NUMBER | |
| LC control number | ne 67001466 |
| 035 ## - SYSTEM CONTROL NUMBER | |
| System control number | (OCoLC)9929707 |
| 040 ## - CATALOGING SOURCE | |
| Original cataloging agency | DLC |
| Transcribing agency | TU |
| Modifying agency | TU |
| -- | DLC |
| 042 ## - AUTHENTICATION CODE | |
| Authentication code | premarc |
| 050 00 - LIBRARY OF CONGRESS CALL NUMBER | |
| Classification number | AC106 |
| Item number | .S4 |
| 100 1# - MAIN ENTRY--PERSONAL NAME | |
| Personal name | Chihabi, Moustapha. |
| 245 13 - TITLE STATEMENT | |
| Title | al-Shadharāt, |
| Remainder of title | maqālāt wa-muḥāḍarāt fī al-adab wa-al-ʻilm wa-al-falsafah. |
| Statement of responsibility, etc. | bi-Qalam Muṣṭafā al-Shihābī. |
| 260 ## - PUBLICATION, DISTRIBUTION, ETC. | |
| Place of publication, distribution, etc. | Bayrūt, |
| Name of publisher, distributor, etc. | Dār al-Kitāb al-Jadīd |
| Date of publication, distribution, etc. | [al-muqaddimah 1966] |
| 300 ## - PHYSICAL DESCRIPTION | |
| Extent | 320 p. |
| Dimensions | 25 cm. |
| 650 #0 - SUBJECT ADDED ENTRY--TOPICAL TERM | |
| Topical term or geographic name entry element | Arabic literature. |
No items available.